<?xml version="1.0" encoding="UTF-8"?>
<record
    xmlns:xsi="http://www.w3.org/2001/XMLSchema-instance"
    xsi:schemaLocation="http://www.loc.gov/MARC21/slim http://www.loc.gov/standards/marcxml/schema/MARC21slim.xsd"
    xmlns="http://www.loc.gov/MARC21/slim">

  <leader>02909nam a2200349 i 4500</leader>
  <controlfield tag="003">DO-SdBNP</controlfield>
  <controlfield tag="005">20250307073711.0</controlfield>
  <controlfield tag="007">ta</controlfield>
  <controlfield tag="008">220513e2021    dr ||||gr|||| 001 edspa d</controlfield>
  <datafield tag="020" ind1=" " ind2=" ">
    <subfield code="a">9789945920123</subfield>
  </datafield>
  <datafield tag="040" ind1=" " ind2=" ">
    <subfield code="a">DO-SdBNP</subfield>
    <subfield code="b">spa</subfield>
    <subfield code="c">BNPHU</subfield>
    <subfield code="e">rda</subfield>
  </datafield>
  <datafield tag="041" ind1=" " ind2=" ">
    <subfield code="h">spa</subfield>
  </datafield>
  <datafield tag="082" ind1=" " ind2="4">
    <subfield code="a">928.61</subfield>
    <subfield code="b">P438p</subfield>
    <subfield code="2">22</subfield>
  </datafield>
  <datafield tag="100" ind1="1" ind2=" ">
    <subfield code="a">P&#xE9;rez, Odal&#xED;s, </subfield>
    <subfield code="d">1952-</subfield>
    <subfield code="e">autor</subfield>
    <subfield code="4">aut.</subfield>
    <subfield code="9">23828</subfield>
  </datafield>
  <datafield tag="245" ind1="1" ind2="0">
    <subfield code="a">Pedro Henr&#xED;quez Ure&#xF1;a:</subfield>
    <subfield code="b">humanidades cr&#xED;ticas y democracia del pensamiento /</subfield>
    <subfield code="c">Odalis G. P&#xE9;rez.</subfield>
  </datafield>
  <datafield tag="264" ind1=" " ind2="1">
    <subfield code="a">Santo Domingo :</subfield>
    <subfield code="b">Universitaria, UASD,</subfield>
    <subfield code="c">2021.</subfield>
  </datafield>
  <datafield tag="300" ind1=" " ind2=" ">
    <subfield code="a">271 p&#xE1;ginas :</subfield>
    <subfield code="b">ilustraciones, fotograf&#xED;as ;</subfield>
    <subfield code="c">23 cm.</subfield>
  </datafield>
  <datafield tag="336" ind1=" " ind2=" ">
    <subfield code="a">texto</subfield>
    <subfield code="b">txt</subfield>
    <subfield code="2">rdacontent</subfield>
  </datafield>
  <datafield tag="337" ind1=" " ind2=" ">
    <subfield code="a">sin mediaci&#xF3;n</subfield>
    <subfield code="2">n</subfield>
    <subfield code="b">rdamedia</subfield>
  </datafield>
  <datafield tag="338" ind1=" " ind2=" ">
    <subfield code="a">volumen</subfield>
    <subfield code="b">nc</subfield>
    <subfield code="2">rdacarrier</subfield>
  </datafield>
  <datafield tag="490" ind1="0" ind2=" ">
    <subfield code="a">Colecci&#xF3;n Universidad Aut&#xF3;noma de Santo Domingo.</subfield>
  </datafield>
  <datafield tag="500" ind1=" " ind2=" ">
    <subfield code="a">Incluye datos biogr&#xE1;ficos del autor en las solapas de las cubiertas.</subfield>
  </datafield>
  <datafield tag="500" ind1=" " ind2=" ">
    <subfield code="a">Incluye &#xED;ndice onom&#xE1;stico, 261- 271</subfield>
  </datafield>
  <datafield tag="504" ind1=" " ind2=" ">
    <subfield code="a">Bibliograf&#xED;a : p&#xE1;gina 251-260</subfield>
  </datafield>
  <datafield tag="505" ind1=" " ind2=" ">
    <subfield code="a">Presentaci&#xF3;n, 9 -- Introducci&#xF3;n, 15 -- Pedro Henr&#xED;quez Ure&#xF1;a: entre la memoria y el presente, 21 -- Pedro Henr&#xED;quez Ure&#xF1;a: tensiones e investigaciones musicales, 33 -- Pedro Henr&#xED;quez Ure&#xF1;a: el arte en la Am&#xE9;rica continental, 39 -- Est&#xE9;tica y cultura en Pedro Henr&#xED;quez Ure&#xF1;a, 45 -- Historia cultural y cr&#xED;tica de arte en Pedro Enr&#xED;quez Ure&#xF1;a, 51 -- C&#xE1;tedra de Arte y Cultura Pedro Henr&#xED;quez Ure&#xF1;a, 57 -- Historia cultural y art&#xED;stica de la Am&#xE9;rica hisp&#xE1;nica y continental, 67 -- Pedro Henr&#xED;quez Ure&#xF1;a y la Catedral de Santo Domingo, 79 -- Hostos en Pedro Henr&#xED;quez Ure&#xF1;a, 93 -- Homenaje de la Universidad de Santo Domingo, 103 -- Pedro Henr&#xED;quez Ure&#xF1;a y la ocupaci&#xF3;n norteamericana de 1916, 113 -- Tensiones escritas y orales: Literatura y cultura en Rep&#xFA;blica Dominicana, 119 -- Pedro Henr&#xED;quez Ure&#xF1;a: cultura e historiograf&#xED;a en la Am&#xE9;rica continental, 129 -- Pedro Henr&#xED;quez Ure&#xF1;a y la ling&#xFC;&#xED;stica romance, 139 -- La lengua como historia, 147 -- Conferencia Pedro Henr&#xED;quez Ure&#xF1;a: aportes culturales, pol&#xED;ticos, filol&#xF3;gicos y educativos, 153 -- Orientaciones, ideales y fundaciones democr&#xE1;ticas en Pedro Henr&#xED;quez Ure&#xF1;a, 193 -- Pedro Henr&#xED;quez Ure&#xF1;a y el arte del ensayo, 209 -- Pedro Henr&#xED;quez Ure&#xF1;a y las artes pl&#xE1;sticas, 221 -- Pedro Henr&#xED;quez y los estudios de lenguas ind&#xED;genas, 227 -- Pedro Henr&#xED;quez Ure&#xF1;a: una dramaturgia de voces, 233 -- Pedro Henr&#xED;quez Ure&#xF1;a: cr&#xED;tico de arte y esteta, 245 -- Bibliograf&#xED;a, 251 -- &#xCD;ndice onom&#xE1;stico, 261.</subfield>
  </datafield>
  <datafield tag="590" ind1=" " ind2=" ">
    <subfield code="a">Inventariado 2022 / MF</subfield>
  </datafield>
  <datafield tag="600" ind1="1" ind2="0">
    <subfield code="a">Henr&#xED;quez Ure&#xF1;a, Pedro,</subfield>
    <subfield code="d">1884-1946   </subfield>
    <subfield code="x">Cr&#xED;tica e interpretaci&#xF3;n </subfield>
    <subfield code="9">1718</subfield>
  </datafield>
  <datafield tag="650" ind1=" " ind2=" ">
    <subfield code="a">Literatura </subfield>
    <subfield code="z">Rep&#xFA;blica Dominicana</subfield>
    <subfield code="9">80984</subfield>
  </datafield>
  <datafield tag="650" ind1=" " ind2="4">
    <subfield code="9">31556</subfield>
    <subfield code="a">Henr&#xED;quez Ure&#xF1;a, Pedro,  1884-1946</subfield>
    <subfield code="v">Cr&#xED;tica Literaria</subfield>
    <subfield code="x">Colecciones de Escritos</subfield>
    <subfield code="z">Rep&#xFA;blica Dominicana</subfield>
  </datafield>
  <datafield tag="910" ind1=" " ind2=" ">
    <subfield code="a">MFeliz. Validado. Control de Calidad/MAA</subfield>
  </datafield>
  <datafield tag="942" ind1=" " ind2=" ">
    <subfield code="2">ddc</subfield>
    <subfield code="c">LBS1</subfield>
  </datafield>
  <datafield tag="952" ind1=" " ind2=" ">
    <subfield code="0">0</subfield>
    <subfield code="1">0</subfield>
    <subfield code="2">ddc</subfield>
    <subfield code="5">1</subfield>
    <subfield code="7">0</subfield>
    <subfield code="8">PD</subfield>
    <subfield code="a">BNPHU</subfield>
    <subfield code="b">BNPHU</subfield>
    <subfield code="c">HD</subfield>
    <subfield code="d">2022-03-23</subfield>
    <subfield code="e">Dep&#xF3;sito legal</subfield>
    <subfield code="o">BNPHU PD 928.61 P438p</subfield>
    <subfield code="p">2022-2076</subfield>
    <subfield code="r">2022-05-13</subfield>
    <subfield code="w">2022-05-13</subfield>
    <subfield code="y">LBS1</subfield>
  </datafield>
  <datafield tag="952" ind1=" " ind2=" ">
    <subfield code="0">0</subfield>
    <subfield code="1">0</subfield>
    <subfield code="2">ddc</subfield>
    <subfield code="5">1</subfield>
    <subfield code="7">0</subfield>
    <subfield code="8">PD</subfield>
    <subfield code="a">BNPHU</subfield>
    <subfield code="b">BNPHU</subfield>
    <subfield code="c">HD</subfield>
    <subfield code="d">2022-03-23</subfield>
    <subfield code="e">Dep&#xF3;sito legal</subfield>
    <subfield code="o">BNPHU PD 928.61 P438p</subfield>
    <subfield code="p">2022-2077</subfield>
    <subfield code="r">2022-05-13</subfield>
    <subfield code="t">e.2</subfield>
    <subfield code="w">2022-05-13</subfield>
    <subfield code="y">LBS1</subfield>
  </datafield>
  <datafield tag="952" ind1=" " ind2=" ">
    <subfield code="0">0</subfield>
    <subfield code="1">0</subfield>
    <subfield code="2">ddc</subfield>
    <subfield code="7">0</subfield>
    <subfield code="8">DS</subfield>
    <subfield code="a">BNPHU</subfield>
    <subfield code="b">BNPHU</subfield>
    <subfield code="c">HD</subfield>
    <subfield code="d">2022-03-23</subfield>
    <subfield code="e">Dep&#xF3;sito Legal</subfield>
    <subfield code="o">BNPHU DS 928.61 P438p</subfield>
    <subfield code="p">2022-2758</subfield>
    <subfield code="r">2022-06-07</subfield>
    <subfield code="t">e.3</subfield>
    <subfield code="w">2022-06-07</subfield>
    <subfield code="y">LBS1</subfield>
  </datafield>
  <datafield tag="999" ind1=" " ind2=" ">
    <subfield code="c">51719</subfield>
    <subfield code="d">51719</subfield>
  </datafield>
</record>
